000 00256nam a2200121Ia 4500
005 20250603145250.0
008 250603s9999 xx 000 0 und d
050 _aKP 35 .Y6/
245 0 _aLaws of Yobe
260 _c2014
300 _a1052 p
942 _cBK
999 _c41353
_d41353